| 000 | 01576nam a22003377a 4500 | ||
|---|---|---|---|
| 999 |
_c64774 _d64774 |
||
| 005 | 20240530110750.0 | ||
| 008 | 181211s2018 ua acl f b 000 0 ara d | ||
| 017 |
_a2017/25733 _bمصر. دار الكتب |
||
| 020 | _a9789770531754 | ||
| 040 |
_aEG-CaGPL _cEG-CaGPL |
||
| 082 | 0 | 4 |
_221 _a616.89 / _bم م |
| 100 | 1 | _aمورجان، جول اى. | |
| 245 | 1 | 2 |
_aالمصنف فى علم النفس العصبى الاكلينيكى / _cجول اى. مورجان، جوزيف هـ. ريكر ؛ ترجمة ومراجعة وتحرير محمد نجيب احمد الصبوة ؛ ترجمة عماد محجوب ....[وآخ] |
| 250 | _aط.1 | ||
| 260 |
_aالقاهرة : _bمكتبة الانجلو المصرية ، _c2018. |
||
| 300 |
_a3 اجزاء : _bايض ؛ _c24 سم. |
||
| 490 | 0 | _aسلسلة علم النفس الاكلينيكى المعاصر | |
| 504 | _aيشتمل على ارجاعات ببليوجرافية | ||
| 650 | 0 | 7 |
_2qrmak _aعلم النفس العلاجى |
| 650 | 0 | 7 |
_2qrmak _aالجهاز العصبى _xامراض |
| 650 | 0 | 7 |
_2qrmak _aالطب النفسى |
| 651 | _2qrmak | ||
| 700 | 1 |
_aريكر، جوزيف هـ. _eمؤلف مشارك |
|
| 700 | 0 |
_a محمد نجيب احمد الصبوة _eمترجم ومراجع ومحرر |
|
| 700 | 0 |
_aعماد محجوب _eمترجم |
|
| 700 | 0 |
_aنشوة عبدالتواب _eمترجم مشارك |
|
| 700 | 0 |
_aسعيد خضير _eمترجم مشارك |
|
| 700 | 0 |
_aسهير الغباشى _eمترجم مشارك |
|
| 942 |
_2ddc _cBK |
||